000 00839nam a2200229 a 4500
001 000009271
005 20240704114906.0
008 090929s1998 dr 000 0 spa d
040 _aDO-SdBNP
_bspa
_cBNPHU
082 _axxx
_bP965r
245 0 0 _aPropuesta de reforma a los códigos civil y de procedimiento civil /
_cpresentación Aura Celeste Fernández R.
260 _aSanto Domingo :
_bCAMJ,
_c1998.
300 _a185 p. ;
_c22 cm.
490 1 _aFórum Permanente
490 1 _aCuadernos de la reforma
500 _aIncluye índice temático
700 1 _aFernández Rodríguez, Aura Celeste,
_d1959-
_epres.
_976547
710 1 _aRepública Dominicana.
_bComisionado de Apoyo a la Reforma y Modernización de la Justicia
_917179
830 0 _aFórum Permanente
_923987
830 0 _aCuadernos de la reforma
_923988
049 _aBNPD
999 _c9033
_d9033